000 00654aab a2200205 4500
001 768714001
003 CO-MdFUSB
005 20240702101539.0
008 170602s2003 cr ||||| |||| 00| 0 spa d
022 _a1409-1968
040 _aCO-MdFUSB
_bspa
_cCO-MdFUSB
_dCO-MdFUSB
041 _aspa
100 1 _aPeterson, Eugenio H.
_eautor
245 1 0 _aRedescubriendo la pasión por Dios
_c/ Eugenio H. Peterson
300 _aVolumen 20. Número 3 (2003), Páginas 38-42
_c27 cm.
546 _aTexto en español
773 0 _tApuntes Pastorales
_049442
_960153
_gVolumen 20. Número 3 (2003), Páginas 38-42
_qPágina 38
942 _cANA
945 _aJTF-925
999 _c60650
_d60650